Wszystkie bramki Cristiano Ronaldo w Lidze Mistrzów - Statystyki

Ogólne statystyki
  • Ten quiz został rozwiązany 964 razy
    383 od ostatniego zresetowania
  • Średni wynik to 19 z 38
Statystyki odpowiedzi
Ilość bramek Klub % Poprawnych
2 bramki FC Barcelona
92%
10 bramek Juventus FC
90%
9 bramek Bayern Monachium
87%
3 bramki Manchester United
87%
1 bramka Manchester City
85%
7 bramek Borussia Dortmund
81%
7 bramek Atletico Madryt
80%
2 bramki AC Milan
77%
1 bramka Chelsea FC
76%
1 bramka FC Liverpool
76%
1 bramka Inter Mediolan
76%
3 bramki Paris Saint-Germain
76%
2 bramki FC Arsenal
75%
1 bramka FC Porto
66%
3 bramki Sporting CP
65%
4 bramki Tottenham Hotspur
63%
5 bramek AS Roma
58%
9 bramek Ajax Amsterdam
48%
2 bramki Bayer 04 Leverkusen
47%
6 bramek Galatasaray SK
39%
3 bramki VfL Wolfsburg
39%
4 bramki Dynamo Kijów
38%
3 bramki Atalanta BC
37%
5 bramek Szachtar Donieck
35%
3 bramki CSKA Moskwa
31%
3 bramki FC Kopenhaga
29%
7 bramek FC Schalke 04
29%
6 bramek Olympique Lyon
27%
6 bramek Malmo FF
25%
4 bramki Olympique Marsylia
25%
1 bramka BSC Young Boys
24%
2 bramki FC Basel 1893
20%
6 bramek APOEL
15%
2 bramki Villarreal CF
11%
1 bramka Ferencvarosi TC
9%
2 bramki Łudogorec Razgrad
6%
1 bramka AJ Auxerre
5%
2 bramki FC Zurich
5%
Nie znaleziono quizów pasujących do podanych kryteriów
Rozkład punktacji
Procent ludzi z każdym wynikiem
Percentyl według liczby udzielonych odpowiedzi
Twoja historia wyników
Nie rozwiązałeś tego quizu od ostatniego zresetowania